| 000 | 00740nam a2200277Ia 4500 | ||
|---|---|---|---|
| 001 | 10333 | ||
| 005 | 20240113235217.0 | ||
| 007 | ta | ||
| 008 | 050802s1972 g b000 u eng u | ||
| 040 | _aCotton College,Assma | ||
| 041 | _aeng | ||
| 082 |
_a382 _bN 312 G |
||
| 100 | _aNegish, T. . | ||
| 245 | 0 |
_aGeneral Equilibruim Theory and International Trade / _cT. Negish. _hTextual Documents |
|
| 250 | _a1st ed. / | ||
| 260 |
_aAmsterdam : _bNorth-Holland Publishing Co. , _c1972. |
||
| 300 |
_a284p. ; _c24cm. |
||
| 504 | _aIndex | ||
| 653 | _aEconomics | ||
| 653 | _aTrade-International | ||
| 653 | _aEquilibruim Theory | ||
| 653 | _aMS-Economics | ||
| 942 |
_2ddc _cBK |
||
| 999 |
_c10320 _d10320 |
||